000 00570nam a2200205 i 4500
001 58733
003 ES-MaACL
005 20230906163855.0
007 t|
008 031023s1966 sp ||||1| spa d
100 1 _aEfak, Guillermo d'.
_946682
245 1 3 _aEl poeta y la mina /
_cGuillem d' Efak.
260 _aPalma de Mallorca :
_b[s.n.,
_c1966]
300 _a48 p., 11 lám. ;
_c25 cm.
490 1 _aPedra viva
700 1 _aMartínez Pavía, Pere.
_978313
830 0 _aPedra viva
_9230487
852 _aES-MaACL
_jC-32016
_bR.62632
999 _c58733
_d58733